Tablas para comprobación de fechas en documentos históricos / (Record no. 156532)

MARC details
000 -LEADER
campo de control de longitud fija 00651nam a22001695i 4500
001 - NÚMERO DE CONTROL
campo de control 156532
003 - IDENTIFICADOR DE NÚMERO DE CONTROL
campo de control ES-MaACL
005 - FECHA Y HORA DE LA ÚLTIMA TRANSACCIÓN
campo de control 20230906210431.0
008 - DATOS DE LONGITUD FIJA--INFORMACIÓN GENERAL
campo de control de longitud fija 970226s1899 sp |||| | spa d
040 ## - FUENTE DE CATALOGACIÓN
Centro catalogador/agencia de origen CLM
Lengua de catalogación spa
Centro/agencia transcriptor CCPB | SIC
100 1# - ENTRADA PRINCIPAL--NOMBRE DE PERSONA
Nombre de persona Jusué, Eduardo.
9 (RLIN) 67366
245 10 - MENCIÓN DEL TÍTULO
Título Tablas para comprobación de fechas en documentos históricos /
Mención de responsabilidad, etc. por Eduardo Jusué.
260 ## - PUBLICACIÓN, DISTRIBUCIÓN, ETC.
Lugar de publicación, distribución, etc. Madrid :
Nombre del editor, distribuidor, etc. [s.n.],
Fecha de publicación, distribución, etc. 1899 (
Fabricante Imprenta de Luis Aguado)
300 ## - DESCRIPCIÓN FÍSICA
Extensión 80 p. ;
Dimensiones 21 cm.
650 04 - PUNTO DE ACCESO ADICIONAL DE MATERIA--TÉRMINO DE MATERIA
Término de materia o nombre geográfico como elemento de entrada Cronología.
9 (RLIN) 11457
852 ## - LOCALIZACIÓN
Ubicación ES-MaACL
Número de control de estantería T-924-F-1
Nota libre -- Enc. hol., conservando la enc. editorial
-- -- Enc. en un vol. facticio
-- .- Donativo del Ministerio de Fomento
Holdings
Estatus retirado Estado de pérdida Estado de daño No para préstamo Colección Biblioteca de origen Biblioteca actual Ubicación en estantería Fecha de adquisición Total de préstamos Signatura topográfica completa Código de barras Visto por última vez Precio de reemplazo Tipo de ítem Koha
        Colección de folletos Biblioteca del Ateneo de Madrid Biblioteca del Ateneo de Madrid Depósito folletos 17/01/2008   T-924-F-1 1163768 23/02/2023 23/02/2023 Folleto